Fiscal Devaluation and Fiscal Consolidation : The VAT in Troubled Times /

This paper focuses on two core tax design issues that arise in addressing current fiscal challenges. It first explores the idea, prominent in troubled Eurozone countries, of a "fiscal devaluation": shifting from social contributions to the VAT as a way to mimic a nominal devaluation. Empir...

Full description

Bibliographic Details
Main Author: Keen, Michael
Other Authors: Mooij, Ruud A.
Format: Journal
Language:English
Published: Washington, D.C. : International Monetary Fund, 2012.
Series:IMF Working Papers; Working Paper ; No. 2012/085
Online Access:Full text available on IMF
LEADER 01829cas a2200253 a 4500
001 AALejournalIMF011757
008 230101c9999 xx r poo 0 0eng d
020 |c 5.00 USD 
020 |z 9781475502480 
022 |a 1018-5941 
040 |a BD-DhAAL  |c BD-DhAAL 
100 1 |a Keen, Michael. 
245 1 0 |a Fiscal Devaluation and Fiscal Consolidation :   |b The VAT in Troubled Times /  |c Michael Keen, Ruud A. Mooij. 
264 1 |a Washington, D.C. :  |b International Monetary Fund,  |c 2012. 
300 |a 1 online resource (48 pages) 
490 1 |a IMF Working Papers 
500 |a <strong>Off-Campus Access:</strong> No User ID or Password Required 
500 |a <strong>On-Campus Access:</strong> No User ID or Password Required 
506 |a Electronic access restricted to authorized BRAC University faculty, staff and students 
520 3 |a This paper focuses on two core tax design issues that arise in addressing current fiscal challenges. It first explores the idea, prominent in troubled Eurozone countries, of a "fiscal devaluation": shifting from social contributions to the VAT as a way to mimic a nominal devaluation. Empirical evidence is presented which suggests that in Eurozone countries this may indeed improve the trade balance in the short-run, though, as theory predicts, the effects eventually disappear. The paper then assesses the wider scope for VAT reform in meeting fiscal consolidation needs, developing and beginning to apply a methodology for finding additional VAT revenue in ways less distortionary and fairer than further raising the standard rate. 
538 |a Mode of access: Internet 
700 1 |a Mooij, Ruud A. 
830 0 |a IMF Working Papers; Working Paper ;  |v No. 2012/085 
856 4 0 |z Full text available on IMF  |u http://elibrary.imf.org/view/journals/001/2012/085/001.2012.issue-085-en.xml  |z IMF e-Library